000 00650nam a22002057a 4500
005 20240530110532.0
008 160322s2011 ua g 000 f ara d
017 _a2012/14842
_bمصر . دار الكتب المصرية
020 _a9789770931530
040 _aEG-CaGPL
082 0 4 _221
_a813.03
_bع ش
100 0 _aعمار على حسن .
245 1 0 _aشجرة العابد /
_cعمار على حسن .
250 _aط1.
260 _aالقاهرة :
_bدار الشروق ،
_c2012 .
300 _a415 ص ؛
_c20 سم .
650 0 4 _aالقصص العربية .
942 _2ddc
_cBK
999 _c62120
_d62120